000 nam a22 a 4500
999 _c3601
_d3601
003 AKMAL
005 20170523120258.0
008 170523t20122012cau e 000 0 eng d
020 _a9780974320694
_qhardback
_cRM75.90
082 0 4 _a658.4092 BRA
_223
090 0 0 _a658.4092
_bBRA
100 1 _aBradberry, Travis,
_eauthor.
_97142
245 1 0 _aLeadership 2.0 /
_cTravis Bradberry & Jean Greaves
264 1 _aSan Diego, CA :
_bTalentSmart,
_c2012
264 4 _c©2012
300 _a264 pages ;
_c19 cm
650 1 0 _aLeadership
_9120
650 2 0 _aLeadership
_vCase studies
_92760
700 1 _aGreaves, Jean,
_eauthor.
_97143
942 _2ddc
_cBOOK